[Event "Vaujany"]
[Site "?"]
[Date "2012.07.18"]
[Round "7.12"]
[White "Roos, Daniel"]
[Black "Van Foreest, Jorden"]
[Result "1-0"]
[WhiteElo "2383"]
[BlackElo "2209"]
[PlyCount "95"]
[SourceDate "2012.07.12"]
[WhiteTeamCountry "IND"]
[BlackTeamCountry "URS"]

1. e4 c6 2. d4 d5 3. exd5 cxd5 4. Bd3 Nc6 5. c3 Nf6 6. h3 a6 7. Nf3 e6 8. Bf4
Bd6 9. Bxd6 Qxd6 10. O-O O-O 11. Re1 Bd7 12. Nbd2 Rfc8 13. Ne5 Be8 14. Qe2 Nd7
15. f4 Nf8 16. Qf2 Ne7 17. Re2 f6 18. Ng4 Bh5 19. Ree1 Nc6 20. Ne3 Bf7 21. Rf1
Re8 22. Rae1 Rad8 23. Qh4 Qc7 24. Re2 Qb6 25. Nf3 Bg6 26. Bxg6 Nxg6 27. Qg3 Qc7
28. Nh4 Nxh4 29. Qxh4 Ne7 30. Qf2 Nf5 31. Qf3 Nxe3 32. Rxe3 b5 33. a3 Qc6 34.
Rfe1 a5 35. Qe2 Kf7 36. Qh5+ Kg8 37. f5 e5 38. dxe5 fxe5 39. Rxe5 Rf8 40. Qg4
Qb6+ 41. Qd4 Qf6 42. Qc5 Qg5 43. Qxb5 d4 44. Qc4+ Kh8 45. cxd4 Rxf5 46. Re8+
Rf8 47. Qf7 Qf6 48. Qxf8+ 1-0

[Event "Vaujany"]
[Site "?"]
[Date "2012.07.18"]
[Round "7.13"]
[White "Skinke, Katrina"]
[Black "Juhász, Kristóf"]
[Result "0-1"]
[WhiteElo "2238"]
[BlackElo "2365"]
[Annotator "Juhasz Kristof"]
[PlyCount "66"]
[SourceDate "2012.07.12"]
[WhiteTeamCountry "IND"]
[BlackTeamCountry "URS"]

1. e4 c6 2. d4 d5 3. e5 Bf5 4. Nc3 e6 5. g4 Bg6 6. Nge2 c5 7. Be3 Nc6 8. dxc5
h5 9. Nd4 (9. Nf4 $2 d4 10. Nxg6 fxg6 11. Bd3 Nge7 $17) 9... hxg4 10. Bb5 Rc8
11. Qxg4 (11. Qd2 $6 Bxc5 $1 12. Nxc6 bxc6 $17) 11... Qd7 12. Qg3 (12. O-O-O $2
Bxc5 $1) 12... Nh6 13. Nce2 $5 {Diagramme #} (13. O-O-O $6 Bxc5 $1 14. Nxc6
Bxe3+) (13. h4 Bxc5 $5 (13... Nf5 14. Nxf5 Bxf5) 14. Nxc6 bxc6 15. Ba6 Nf5 16.
Bxc8 Qxc8 17. Qf4 $8 Nxe3 18. fxe3 Rh5 $44) 13... Bxc5 $1 14. Nxc6 (14. Nf4 $2
Bxd4 $19) (14. O-O-O $6 a6 $15) (14. Nxe6 $2 Bxe3 15. Nxg7+ Kf8 16. e6 Qc7 $1
$19) 14... bxc6 (14... a6 $2 15. Bxc5 axb5 16. Ne7 $1 Rxc5 17. Nxg6 fxg6 18. c3
Qf7 19. Nf4 $14) 15. Bxc5 $2 (15. Ba6 Nf5 $1 16. Bxc8 Qxc8 17. Qf4 (17. Qg1 $2
Nxe3 18. fxe3 Rh3 $17) (17. Qg5 Be7 $1 18. Qf4 Rh4 $15) 17... Bxe3 18. fxe3 Rh4
$15) 15... cxb5 16. b4 (16. Qa3 Ng4 $17) 16... Nf5 (16... a5 $5) 17. Qa3 Qc7 (
17... Rh4 $1 18. Rc1 (18. Bxa7 $2 Ra8 $19) (18. Qxa7 $2 Qxa7 19. Bxa7 Rxc2 $19)
18... Re4 19. Kf1 d4 $17) 18. f4 $6 (18. Qa6 $8 Bh5 (18... Qc6 19. Qxa7 Rh4 $15
) 19. Qxb5+ Kd8 $17) 18... a5 $1 19. c3 Rh3 $1 $17 20. Qb2 Ne3 $40 21. Ng3 (21.
Bd6 $2 Qc4 $19) (21. Bxe3 Rxe3 $19) (21. Nd4 Qd8 $1 22. Rg1 Qh4+ $19) 21...
Nc2+ 22. Kf2 Nxa1 $19 23. Qxa1 Qc6 24. Qf1 Rh4 25. Ne2 Be4 26. Kg3 axb4 $1 (
26... Rh8 $6 27. Nd4) 27. cxb4 (27. Kxh4 Qxc5 $19) 27... Rh6 28. Nd4 Rg6+ 29.
Kf2 (29. Kh4 {Diagramme #} Kd7 $1 30. Nxc6 Rh8#) 29... Qa6 30. Rg1 Qxa2+ 31.
Ke3 Qa3+ 32. Kd2 Qb2+ 33. Ke1 Qc3+ 0-1

[Event "Vaujany"]
[Site "?"]
[Date "2012.07.18"]
[Round "7.14"]
[White "Moal, Alain"]
[Black "Kantas, Toms"]
[Result "0-1"]
[WhiteElo "2175"]
[BlackElo "2354"]
[PlyCount "48"]
[SourceDate "2012.07.12"]
[WhiteTeamCountry "IND"]
[BlackTeamCountry "URS"]

1. d4 Nf6 2. c4 g6 3. Nf3 Bg7 4. g3 O-O 5. Bg2 d5 6. cxd5 Nxd5 7. O-O Nc6 8.
Nc3 Nb6 9. e3 e5 10. d5 Ne7 11. e4 Bg4 12. Qb3 c6 13. h3 Bxf3 14. Bxf3 cxd5 15.
Nxd5 Nbxd5 16. exd5 {Diagramme #} Nf5 17. Qxb7 Nd4 18. Bg2 Qd6 19. f4 e4 20. f5
Rfb8 21. Bf4 Ne2+ 22. Kh2 Nxf4 23. Qc6 Qxc6 24. dxc6 Nxg2 0-1

[Event "Vaujany"]
[Site "?"]
[Date "2012.07.20"]
[Round "7.15"]
[White "Csonka, Balázs"]
[Black "Gonella, Daniele"]
[Result "1-0"]
[WhiteElo "2306"]
[BlackElo "2121"]
[PlyCount "71"]
[EventDate "2012.07.20"]
[SourceDate "2012.07.12"]
[WhiteTeamCountry "IND"]
[BlackTeamCountry "URS"]

1. d4 Nf6 2. c4 g6 3. Nc3 d5 4. cxd5 Nxd5 5. e4 Nxc3 6. bxc3 Bg7 7. Be3 c5 8.
Rc1 Qa5 9. Qd2 cxd4 10. cxd4 Qxd2+ 11. Bxd2 O-O 12. Nf3 Nc6 13. Be3 Rd8 14. d5
Ne5 15. Bg5 Kf8 16. Bf4 Nxf3+ 17. gxf3 Bd7 18. Rc7 b5 19. Bd3 a5 20. Ke2 Be8
21. Rb7 b4 22. Rc1 Rdc8 23. Rxc8 Rxc8 24. Bg5 f6 25. Be3 Rc3 26. Bd4 Rc8 27.
Bb6 a4 28. Ba5 b3 29. axb3 a3 30. Ra7 Rb8 31. d6 f5 32. dxe7+ Kg8 33. Bc4+ Kh8
34. Bc7 Rc8 35. Bd6 fxe4 36. fxe4 1-0

[Event "Vaujany"]
[Site "?"]
[Date "2012.07.18"]
[Round "7.16"]
[White "Kurayan, Ruslan"]
[Black "Chauvet, Vincent"]
[Result "1-0"]
[WhiteElo "2318"]
[BlackElo "2118"]
[PlyCount "49"]
[EventDate "2012.07.20"]
[SourceDate "2012.07.12"]
[WhiteTeamCountry "IND"]
[BlackTeamCountry "URS"]

1. e4 e5 2. Nf3 Nc6 3. d4 exd4 4. Nxd4 Nf6 5. Nxc6 bxc6 6. e5 Qe7 7. Qe2 Ng8 8.
g3 g6 9. Bd2 Bg7 10. Bc3 a5 11. Bg2 Qe6 12. Nd2 Nh6 13. Qe4 Ba6 14. Nb3 Qe7 15.
O-O-O O-O 16. a4 Rfe8 17. Rhe1 Rab8 18. Qd4 d5 19. exd6 Bxd4 20. Rxe7 Bxc3 21.
Rxe8+ Rxe8 22. d7 Bxb2+ 23. Kxb2 Rd8 24. Nc5 Be2 25. Re1 1-0

[Event "Vaujany Principal"]
[Site "Villaz"]
[Date "2012.10.27"]
[Round "7.17"]
[White "Vledouts"]
[Black "Ruecker"]
[Result "1/2-1/2"]
[WhiteElo "2039"]
[BlackElo "2260"]
[Annotator "Jean-pierre,LEES"]
[PlyCount "64"]
[SourceDate "2012.07.12"]
[WhiteTeam "India"]
[BlackTeam "Soviet Union"]
[WhiteTeamCountry "IND"]
[BlackTeamCountry "URS"]
[TimeControl "240+2"]

{1024MB, Fritz8.ctg
} 1. e4 c5 2. Nf3 e6 3. d4 cxd4 4. Nxd4 Nc6 5. Nc3 Qc7 6.
Be2 a6 7. O-O Nf6 8. Be3 Be7 9. f4 d6 10. a4 O-O 11. Kh1 Re8 12. Bf3 Bd7 13.
Nb3 Bc8 14. g4 Rb8 15. g5 Nd7 16. Bg2 b5 17. axb5 axb5 18. Qh5 g6 19. Qh4 Bf8
20. Ne2 Nb4 21. Nbd4 e5 22. fxe5 Nxe5 23. Nf4 Bb7 24. Rae1 Ba8 25. Nd5 Nxd5 26.
exd5 Nc4 27. Bc1 Qd7 28. Nc6 Rbc8 29. Nb4 Rxe1 30. Rxe1 Re8 31. b3 Ne5 32. Bd2
Qa7 1/2-1/2

[Event "Vaujany"]
[Site "?"]
[Date "2012.07.18"]
[Round "7.18"]
[White "Roeberg, Frank"]
[Black "Neuhauser, Salome"]
[Result "1-0"]
[WhiteElo "2253"]
[BlackElo "2067"]
[PlyCount "51"]
[SourceDate "2012.07.12"]
[WhiteTeamCountry "IND"]
[BlackTeamCountry "URS"]

1. e4 c5 2. Nf3 d6 3. d4 cxd4 4. Nxd4 Nf6 5. f3 a6 6. c4 Nc6 7. Nc3 g6 8. Be3
Bg7 9. Be2 O-O 10. Qd2 Bd7 11. O-O Nxd4 12. Bxd4 a5 13. c5 dxc5 14. Bxc5 Rc8
15. Qe3 Bc6 16. Bb6 Qd7 17. Rfd1 Qe6 18. Bxa5 Nd7 19. Rac1 Bxc3 20. Bxc3 Qxa2
21. Qh6 e5 22. h4 Qa7+ 23. Kh2 Qb6 24. Bc4 Ba4 {Diagramme #} 25. Rxd7 Rc5 26.
Bxe5 1-0

[Event "Vaujany"]
[Site "?"]
[Date "2012.07.18"]
[Round "7.19"]
[White "Gombos, Bettina"]
[Black "Kormos, Ádám"]
[Result "0-1"]
[WhiteElo "1966"]
[BlackElo "2193"]
[PlyCount "74"]
[EventDate "2012.07.20"]
[SourceDate "2012.07.12"]
[WhiteTeamCountry "IND"]
[BlackTeamCountry "URS"]

1. e4 c5 2. Nf3 d6 3. d4 cxd4 4. Nxd4 Nf6 5. Nc3 g6 6. Be3 Bg7 7. f3 Nc6 8. Qd2
O-O 9. O-O-O Be6 10. g4 Rc8 11. h4 Qa5 12. a3 Ne5 13. Nxe6 fxe6 14. Be2 Nc4 15.
Bxc4 Rxc4 16. Ne2 Qa4 17. Nc3 Qa6 18. Bh6 Rfc8 19. Bxg7 Rxc3 20. Bxf6 Rxc2+ 21.
Qxc2 Rxc2+ 22. Kxc2 exf6 23. Rd3 Kf7 24. Rc3 Qb6 25. Rd1 h5 26. Kb1 g5 27. Rh1
hxg4 28. fxg4 gxh4 29. Rxh4 Kg6 30. Rch3 Kg5 31. Rh5+ Kf4 32. Rh6 Qd4 33. Ka2
Kxe4 34. Rb3 a5 35. g5 fxg5 36. Rxe6+ Kf5 37. Re2 Qc4 0-1

[Event "Vaujany Principal"]
[Site "Villaz"]
[Date "2012.10.27"]
[Round "7.20"]
[White "Delorme, Laurie"]
[Black "Veys, Vincent"]
[Result "1/2-1/2"]
[WhiteElo "2171"]
[BlackElo "2041"]
[Annotator "Jean-pierre,LEES"]
[PlyCount "84"]
[SourceDate "2012.07.12"]
[WhiteTeam "India"]
[BlackTeam "Soviet Union"]
[WhiteTeamCountry "IND"]
[BlackTeamCountry "URS"]
[TimeControl "240+2"]

{1024MB, Fritz8.ctg
} 1. d4 d5 2. c4 c6 3. Nf3 Nf6 4. e3 Bg4 5. Qb3 Qb6 6. Ne5
Bf5 7. Nd2 e6 8. Be2 Nbd7 9. Nd3 c5 10. Nxc5 Nxc5 11. dxc5 Bxc5 12. Qxb6 Bxb6
13. cxd5 exd5 14. Nb3 O-O 15. Bd2 Bc2 16. O-O Bxb3 17. axb3 d4 18. exd4 Bxd4
19. Bf3 Bxb2 20. Ra2 Bd4 21. Bf4 Rad8 22. Bxb7 Bb6 23. Ba6 Nd5 24. Bd2 Bc5 25.
Bc4 Nf6 26. Be3 Bb6 27. Bxb6 axb6 28. Ra7 Ne4 29. f3 Nd2 30. Rc1 Nxc4 31. Rxc4
Rd2 32. h4 h5 33. Rac7 Re8 34. Rc8 Rdd8 35. Rxd8 Rxd8 36. Rc6 Rd4 37. Rxb6 Rxh4
38. Kf2 Rd4 39. Ke3 Rd1 40. Rb5 Rb1 41. Kd4 Rb2 42. g3 g6 1/2-1/2

[Event "Vaujany"]
[Site "?"]
[Date "2012.07.18"]
[Round "7.21"]
[White "Gelas, Christoph"]
[Black "Hourlier, Claire"]
[Result "1-0"]
[WhiteElo "2148"]
[BlackElo "1964"]
[PlyCount "61"]
[EventDate "2012.07.20"]
[SourceDate "2012.07.12"]
[WhiteTeamCountry "IND"]
[BlackTeamCountry "URS"]

1. d4 Nf6 2. c4 c5 3. d5 e5 4. Nc3 d6 5. e4 Be7 6. f3 Nh5 7. Bd3 Bg5 8. Nge2
Bxc1 9. Qxc1 Nd7 10. O-O Nf8 11. Qe3 Ng6 12. g3 Bh3 13. Rfb1 Nf6 14. b4 b6 15.
bxc5 bxc5 16. Nd1 h5 17. Nf2 Qc8 18. Rb2 Rh6 19. Rab1 Bd7 20. h4 Qd8 21. Nc3
Nh7 22. Nb5 Bc8 23. Bc2 Ne7 24. Ba4 Kf8 25. Nc3 Qc7 26. Qd2 f5 27. exf5 Bxf5
28. Nfe4 Rg6 29. Kh2 Nf6 30. Rb7 Qd8 31. Ng5 1-0

[Event "Vaujany Principal"]
[Site "Villaz"]
[Date "2012.07.18"]
[Round "7.22"]
[White "Houard, Sebastien"]
[Black "Haver, Daan"]
[Result "0-1"]
[WhiteElo "2089"]
[BlackElo "1961"]
[Annotator "Jean-pierre,LEES"]
[PlyCount "120"]
[SourceDate "2012.07.12"]
[WhiteTeam "India"]
[BlackTeam "Soviet Union"]
[WhiteTeamCountry "IND"]
[BlackTeamCountry "URS"]
[TimeControl "240+2"]

{1024MB, Fritz8.ctg
} 1. e4 c5 2. Nf3 d6 3. d4 cxd4 4. Nxd4 Nf6 5. Nc3 g6 6.
Be3 Bg7 7. f3 O-O 8. Qd2 Nc6 9. O-O-O d5 10. exd5 Nxd5 11. Nxc6 bxc6 12. Bd4 e5
13. Bc5 Be6 14. Ne4 (14. Bxf8 Qxf8 15. Nxd5 cxd5 16. Qa5 Qe7 17. Rd3 e4 18. Rb3
d4) 14... Re8 15. Bc4 Qc7 16. g4 h6 17. h4 Red8 18. Qf2 Qa5 19. g5 h5 20. Rd3
Nf4 21. Ra3 Qc7 22. Bxe6 Nxe6 23. Bxa7 c5 24. Bxc5 Nxc5 25. Qxc5 Qxc5 26. Nxc5
Rxa3 27. bxa3 Bf8 28. Nd3 Bxa3+ 29. Kd2 Bb4+ 30. c3 Ba5 31. Re1 Rc8 32. Nb4 Rc4
33. Re4 Rc5 34. Kd3 f6 35. gxf6 Kf7 36. a3 Bd8 37. c4 Bxf6 38. Kc3 Ra5 39. Kb3
Ke6 40. a4 Bg7 41. Nd5 Ra7 42. Nc3 Kf5 43. Nb5 Rd7 44. c5 Rd3+ 45. Kc4 Rxf3 46.
c6 Kxe4 47. c7 Rf8 48. Nd6+ Kf3 49. Kd5 e4 50. Nxe4 Rc8 51. Ng5+ Kg4 52. Kd6
Kxh4 (52... Be5+ 53. Kxe5 Rxc7) 53. Ne6 Bc3 54. Kd7 Ra8 55. Nd8 Ba5 56. c8=Q
Rxc8 57. Kxc8 g5 58. Nc6 Bc3 59. a5 Bxa5 60. Nxa5 Kg3 0-1

[Event "Vaujany Principal"]
[Site "Villaz"]
[Date "2012.07.18"]
[Round "7.23"]
[White "Brest, J.F.."]
[Black "Viennot, Dylan"]
[Result "0-1"]
[WhiteElo "2046"]
[BlackElo "2149"]
[Annotator "Jean-pierre,LEES"]
[PlyCount "40"]
[SourceDate "2012.07.12"]
[WhiteTeam "India"]
[BlackTeam "Soviet Union"]
[WhiteTeamCountry "IND"]
[BlackTeamCountry "URS"]
[TimeControl "240+2"]

{1024MB, Fritz8.ctg
} 1. d4 e6 2. c4 Nf6 3. g3 d5 4. Nf3 dxc4 5. Qa4+ Nbd7 6.
Bg2 a6 7. Qxc4 b5 8. Qc6 Rb8 9. Bf4 Bb7 10. Qc2 Rc8 11. O-O c5 12. dxc5 Bxc5
13. Qd1 Qb6 14. Ne1 e5 15. Bxb7 Qxb7 16. Bc1 h5 17. Nd3 Bb6 18. Nc3 h4 19. e4
hxg3 20. hxg3 Rxc3 0-1

[Event "Vaujany"]
[Site "?"]
[Date "2012.07.18"]
[Round "7.24"]
[White "Coppola, Federico"]
[Black "Mahiouz, Oualid"]
[Result "1-0"]
[WhiteElo "1844"]
[BlackElo "2096"]
[PlyCount "43"]
[EventDate "2012.07.20"]
[SourceDate "2012.07.12"]
[WhiteTeamCountry "IND"]
[BlackTeamCountry "URS"]

1. e4 c5 2. Nf3 d6 3. d4 Nf6 4. Nc3 cxd4 5. Nxd4 a6 6. Bg5 e6 7. f4 Be7 8. Qf3
Nc6 9. O-O-O Qc7 10. Nxc6 bxc6 11. e5 dxe5 12. fxe5 Nd5 13. Bxe7 Qxe7 14. Ne4
O-O 15. Bd3 Qh4 16. g4 Ne7 17. Qg3 Qxg3 18. hxg3 a5 19. Rxh7 Ba6 20. Rdh1 Ng6
21. Nf6+ gxf6 22. exf6 1-0

[Event "Vaujany Principal"]
[Site "Villaz"]
[Date "2012.10.28"]
[Round "7.25"]
[White "Petrone"]
[Black "N'Guyen, Emilien"]
[Result "1/2-1/2"]
[WhiteElo "1930"]
[BlackElo "2027"]
[Annotator "Jean-pierre,LEES"]
[PlyCount "61"]
[SourceDate "2012.07.12"]
[WhiteTeamCountry "IND"]
[BlackTeamCountry "URS"]
[TimeControl "240+2"]

{1024MB, Fritz8.ctg
} 1. e4 c6 2. d4 d5 3. Nc3 dxe4 4. Nxe4 Bf5 5. Ng3 Bg6 6.
Nf3 Nd7 7. h4 h6 8. h5 Bh7 9. Bd3 Bxd3 10. Qxd3 Qc7 11. Bd2 e6 12. O-O-O Ngf6
13. Ne4 O-O-O 14. g3 Nxe4 15. Qxe4 Nf6 16. Qe2 Rd5 (16... Bd6 17. c4 c5 18. Bc3
cxd4 19. Nxd4 a6) 17. c4 (17. Bf4 Bd6 18. Ne5 Bxe5 (18... Nd7 19. Rhe1 Rd8 20.
c4 Ra5 21. Kb1 Nxe5 22. dxe5 Bb4 23. Rxd8+ Kxd8 24. Rd1+) 19. Bxe5) 17... Rxh5
18. Rxh5 Nxh5 19. Qe5 Qxe5 20. Nxe5 f5 21. Re1 Rg8 22. Ng6 Kd7 23. Ne5+ Kc8 24.
Ng6 Kd7 25. Ne5+ Kd8 26. Ng6 Kd7 27. Ne5+ Kd8 28. Ng6 Kd7 29. Ne5+ Kd8 30. Ng6
Kd7 31. Ne5+ 1/2-1/2

[Event "Vaujany Principal"]
[Site "Villaz"]
[Date "2012.07.18"]
[Round "7.26"]
[White "Haver, Bas"]
[Black "Adam, Gyorgy Sr"]
[Result "1/2-1/2"]
[WhiteElo "2021"]
[BlackElo "2066"]
[Annotator "Jean-pierre,LEES"]
[PlyCount "98"]
[SourceDate "2012.07.12"]
[WhiteTeamCountry "IND"]
[BlackTeamCountry "URS"]
[TimeControl "240+2"]

{1024MB, Fritz8.ctg
} 1. e4 c5 2. Nf3 Nc6 3. d4 cxd4 4. Nxd4 g6 5. Nc3 Bg7 6.
Be3 Nf6 7. Bc4 O-O 8. Bb3 Qa5 9. O-O d6 10. h3 Qh5 11. Qd2 Na5 12. Nde2 Nxb3
13. axb3 Qe5 14. f4 Qe6 15. f5 Qd7 16. Nf4 b5 17. Nfd5 Bb7 18. Nxf6+ Bxf6 19.
Bd4 Bg7 20. f6 exf6 21. Bxf6 a6 22. Qd4 Bxf6 23. Rxf6 Rad8 24. Rd1 Rfe8 25.
Rxd6 Qxd6 26. Qxd6 Rxd6 27. Rxd6 Kg7 28. Rd4 Re5 29. b4 h5 30. Kf2 Kh6 31. Ke3
f5 32. Kf4 Re6 33. g4 fxg4 34. hxg4 Rf6+ 35. Kg3 hxg4 36. Rd3 Kg5 37. Re3 Rf1
38. Ne2 Rh1 39. Nf4 Rg1+ 40. Ng2 Rf1 41. b3 Bc6 42. c4 Bb7 43. Ne1 Rh1 44. Ng2
Rh3+ 45. Kf2 Rh7 46. Kg3 Re7 47. Nf4 bxc4 48. bxc4 Rxe4 49. Rxe4 Bxe4 1/2-1/2

[Event "Vaujany"]
[Site "?"]
[Date "2012.07.17"]
[Round "7.27"]
[White "Devoille, Hugo"]
[Black "Deleva, Matthias"]
[Result "0-1"]
[WhiteElo "1927"]
[BlackElo "2061"]
[PlyCount "66"]
[EventDate "2012.07.20"]
[SourceDate "2012.07.12"]
[WhiteTeamCountry "IND"]
[BlackTeamCountry "URS"]

1. e4 e6 2. d4 d5 3. Nd2 c5 4. exd5 Qxd5 5. Ngf3 cxd4 6. Bc4 Qd6 7. O-O Nf6 8.
Nb3 Nc6 9. Nbxd4 Nxd4 10. Nxd4 a6 11. c3 (11. Re1 {[%emt 0:00:00]} Qc7 {
[%emt 0:00:00]} 12. Bb3 Bd6 13. Nf5 Bxh2+ 14. Kh1 O-O 15. Nxg7 Rd8 16. Qf3 Kxg7
17. Bh6+ Kg6) 11... Qc7 12. Bb3 Bd6 13. h3 Bd7 (13... Bh2+ 14. Kh1 Bf4 15. Ba4+
b5 16. Qf3 Bxc1 17. Qxa8 O-O 18. Qc6 Qxc6 19. Nxc6 Bxb2 20. Rab1 Bxc3) 14. Qe2
O-O-O 15. a4 Kb8 16. Bc4 Rc8 17. Bd3 h6 18. Bd2 e5 19. Nf5 Bc5 20. b4 Ba7 21.
Rfe1 g6 22. Ng3 Rce8 23. Qf3 Qc6 24. Qxc6 Bxc6 25. Bc4 Re7 26. Re2 Bd5 27. Bxd5
Nxd5 28. c4 Bd4 29. Rc1 Nc7 30. Be3 Ne6 31. Bxd4 Nxd4 32. Re3 f5 33. Rd3 f4 {
abandon cqr sur Cg3 joue Ce2+ gagne la tour} 0-1

[Event "Vaujany"]
[Site "?"]
[Date "2012.07.18"]
[Round "7.28"]
[White "Soyer, J."]
[Black "Drillat, Michael"]
[Result "1-0"]
[WhiteElo "2056"]
[BlackElo "1910"]
[PlyCount "59"]
[EventDate "2012.07.20"]
[SourceDate "2012.07.12"]
[WhiteTeamCountry "IND"]
[BlackTeamCountry "URS"]

1. Nf3 Nf6 2. c4 c5 3. Nc3 Nc6 4. d4 cxd4 5. Nxd4 Nxd4 6. Qxd4 g6 7. e4 d6 8.
Be2 Bg7 9. Be3 O-O 10. Qd2 Be6 11. Rc1 a6 12. b3 Rc8 13. O-O Bd7 14. f3 Bc6 15.
Nd5 Bxd5 16. exd5 Qd7 17. Bb6 h5 18. Bd3 Kh7 19. Rce1 Bh6 20. Qf2 Rfe8 21. f4
Kg7 22. h3 Rh8 23. a4 Rcg8 24. a5 Kf8 25. Re2 g5 26. fxg5 Bxg5 27. Bf5 Qd8 28.
Qf3 h4 29. c5 dxc5 30. Bxc5 1-0

[Event "Vaujany Principal"]
[Site "Villaz"]
[Date "2012.07.18"]
[Round "7.29"]
[White "Weisz, J."]
[Black "Bach, A."]
[Result "1-0"]
[WhiteElo "1809"]
[BlackElo "2052"]
[Annotator "Jean-pierre,LEES"]
[PlyCount "103"]
[SourceDate "2012.07.12"]
[WhiteTeamCountry "IND"]
[BlackTeamCountry "URS"]
[TimeControl "240+2"]

{1024MB, Fritz8.ctg
} 1. d4 Nf6 2. c4 c5 3. d5 b5 4. Nd2 bxc4 5. e4 c3 6. bxc3
g6 7. c4 d6 8. Bd3 Bg7 9. Bb2 O-O 10. Ngf3 Nbd7 11. O-O e5 12. Bc3 Ne8 13. Qc2
Nb6 14. a4 Bd7 15. a5 Nc8 16. Rfe1 f5 17. Rab1 g5 18. Nf1 g4 19. N3d2 f4 20. f3
Qh4 21. fxg4 Bxg4 22. Be2 h5 23. Qd3 Ne7 24. h3 Bc8 25. Qf3 Nf6 26. Qf2 Qg5 27.
Kh1 Kh8 28. Nh2 Bh6 29. Nhf3 Qg6 30. Bd3 Rg8 31. Rb2 Ng4 32. Qh4 (32. hxg4 hxg4
33. Nxe5 Qh5+ 34. Kg1 g3 35. Nf7+ Kh7 36. e5+ Ng6 37. Qf3 Bg4 38. Qxg4 Qxg4 39.
Rb7 Rgb8 40. Ne4 Bg7 (40... Rxb7 41. Nf6+ Kg7 42. Nxg4) 41. Nfg5+ Kh8 42. Rxg7
Kxg7 43. exd6+ Kh6 44. Nf7+ Kh5 45. Nf6+) 32... Ne3 33. Rg1 Nd1 34. Rb3 Nxc3
35. Rxc3 Bg5 36. Qxg5 Qxg5 37. Nxg5 Rxg5 38. Be2 Rb8 39. Rb1 Rxb1+ 40. Nxb1 h4
41. Nd2 Rg8 42. Rb3 Ba6 43. Nf3 Ng6 44. Ng5 Kg7 45. Ne6+ Kf6 46. Nc7 Bc8 47.
Rb8 Ke7 48. Nb5 a6 49. Na7 Be6 50. Nc6+ Kf6 (50... Kf7 51. dxe6+ Kg7 52. Rxg8+
Kxg8 53. e7 Kf7 54. Bh5) 51. dxe6 f3 52. Bxf3 1-0

[Event "Vaujany Principal"]
[Site "Villaz"]
[Date "2012.07.18"]
[Round "7.30"]
[White "Hoyer"]
[Black "Abdesselem"]
[Result "0-1"]
[WhiteElo "2032"]
[BlackElo "1875"]
[Annotator "Jean-pierre,LEES"]
[PlyCount "58"]
[SourceDate "2012.07.12"]
[WhiteTeamCountry "IND"]
[BlackTeamCountry "URS"]
[TimeControl "240+2"]

{1024MB, Fritz8.ctg
} 1. g3 e5 2. Bg2 d5 3. d3 Nf6 4. Nd2 Be7 5. e4 dxe4 6.
dxe4 O-O 7. Ngf3 Nc6 8. O-O Be6 9. h3 h6 10. c3 a5 11. Qe2 Qc8 12. Kh2 a4 13.
Nc4 Nd7 14. Ne3 Nb6 15. g4 Bf6 16. Rd1 Rd8 17. Rxd8+ Qxd8 18. Nf5 Nc4 19. h4
Bxf5 20. exf5 Qd6 21. Qe4 a3 22. bxa3 Ra4 23. Kh3 Nb6 24. Qc2 e4 25. Ng1 Rc4
26. Bd2 Bxh4 27. Be3 Bf6 28. Ne2 Qd3 29. Bxe4 Qxe4 0-1

[Event "Vaujany Principal"]
[Site "Villaz"]
[Date "2012.07.18"]
[Round "7.31"]
[White "De Lagontrie"]
[Black "Laehnwitz"]
[Result "1-0"]
[WhiteElo "1868"]
[BlackElo "2031"]
[Annotator "Jean-pierre,LEES"]
[PlyCount "55"]
[SourceDate "2012.07.12"]
[WhiteTeamCountry "IND"]
[BlackTeamCountry "URS"]
[TimeControl "240+2"]

{1024MB, Fritz8.ctg
} 1. d4 Nf6 2. c4 c5 3. d5 b5 4. Nf3 g6 5. cxb5 a6 6. e3
Bg7 7. Nc3 d6 8. a4 O-O 9. Ra3 Nbd7 10. h3 axb5 11. Bxb5 Ba6 12. O-O Nb6 13.
Bxa6 Rxa6 14. b3 Qa8 15. e4 Rb8 16. Qc2 h6 17. Nd2 Nfd7 18. Bb2 c4 19. b4 Nxa4
20. Rxa4 Rxa4 21. Nxa4 Bxb2 22. Nxb2 Qa2 23. Qc3 Nb6 24. Rc1 Ra8 25. Ndxc4 Rc8
26. Kh2 e6 27. dxe6 fxe6 28. Qf6 1-0

[Event "Vaujany Principal"]
[Site "Villaz"]
[Date "2012.07.18"]
[Round "7.32"]
[White "Michel, Stefan"]
[Black "Van Foreest, Lucas"]
[Result "0-1"]
[WhiteElo "1989"]
[BlackElo "1969"]
[Annotator "Jean-pierre,LEES"]
[PlyCount "50"]
[SourceDate "2012.07.12"]
[WhiteTeamCountry "IND"]
[BlackTeamCountry "URS"]
[TimeControl "240+2"]

{1024MB, Fritz8.ctg
} 1. e4 e5 2. Bc4 Nc6 (2... Nf6 3. Nc3 Nc6) 3. Nc3 Bc5 4.
Qg4 (4. Nf3 Nf6 5. d3 d6) 4... g6 5. Qg3 d6 6. Nf3 Nf6 7. Ng5 O-O 8. d3 Nd4 9.
Bb3 Nh5 10. Qh4 h6 11. O-O (11. Ne2 Nxb3 12. axb3 hxg5 13. Bxg5 f6 14. Bh6 Rf7)
11... Nxb3 12. axb3 hxg5 13. Bxg5 f6 14. Bh6 Rf7 15. g4 Nf4 16. Bxf4 exf4 17.
Qh6 Bxg4 18. Nd5 Qf8 19. Qh4 Be2 20. Nxf4 g5 21. Qg3 Bxf1 22. Rxf1 Qh6 23. d4
Bxd4 24. Ne6 Bb6 25. Kh1 Re8 0-1

[Event "Vaujany Principal"]
[Site "Villaz"]
[Date "2012.07.18"]
[Round "7.33"]
[White "Borderie, David"]
[Black "Roche, Yves"]
[Result "1-0"]
[WhiteElo "1986"]
[BlackElo "1956"]
[Annotator "Jean-pierre,LEES"]
[PlyCount "59"]
[SourceDate "2012.07.12"]
[WhiteTeamCountry "IND"]
[BlackTeamCountry "URS"]
[TimeControl "240+2"]

{1024MB, Fritz8.ctg
} 1. Nf3 c5 2. c4 Nc6 3. d4 cxd4 4. Nxd4 g6 5. Nc3 Bg7 6.
e3 Nf6 7. g3 O-O 8. Bg2 Re8 9. O-O Qc7 10. Ndb5 Qb8 11. Nd5 Nxd5 12. cxd5 Nb4
13. a3 Na6 14. d6 exd6 15. Qxd6 Be5 16. Qxb8 Bxb8 17. Bd2 Nc5 18. Bb4 Nd3 19.
Bd6 a6 20. Bxb8 Rxb8 21. Nd6 Rf8 22. b4 Kg7 23. Rfd1 Ne5 24. Rd5 Kf6 25. Ne4+
Ke6 26. Ng5+ Kf5 27. Nxh7 Re8 (27... Rh8 28. Bh3+ Ke4 29. Rd4+ Kf3 30. Ng5+ Ke2
31. Bf1#) 28. Bh3+ Ke4 29. Rd4+ Kf3 30. Ng5+ 1-0

[Event "Vaujany Principal "]
[Site "Villaz"]
[Date "2012.07.18"]
[Round "7.34"]
[White "Dubois, Hervé"]
[Black "Trin, Pierre"]
[Result "1-0"]
[WhiteElo "1854"]
[BlackElo "1858"]
[Annotator "Jean-pierre,LEES"]
[PlyCount "61"]
[SourceDate "2012.07.12"]
[WhiteTeamCountry "IND"]
[BlackTeamCountry "URS"]
[TimeControl "240+2"]

{1024MB, Fritz8.ctg
} 1. c4 Nf6 2. Nf3 g6 3. g3 Bg7 4. Bg2 O-O 5. O-O c5 6. d4
cxd4 7. Nxd4 Nc6 8. Nc3 Qb6 9. Nb3 d6 10. Be3 Qd8 11. Rc1 Ng4 12. Bd2 Nge5 13.
Nd5 e6 14. Ne3 Nd7 15. Bc3 Qe7 16. Bxg7 Kxg7 17. Nd4 Nxd4 18. Qxd4+ Nf6 19.
Rfd1 Rd8 20. Qc3 Rb8 21. Rd2 b6 22. Rcd1 Bb7 23. Ng4 e5 24. Nxf6 Qxf6 25. Qa3
Bxg2 26. Kxg2 Qe6 27. Rxd6 Rxd6 28. Qxd6 Qxd6 29. Rxd6 Rc8 30. b3 b5 $6 31.
cxb5 1-0

[Event "Vaujany"]
[Site "?"]
[Date "2012.07.19"]
[Round "8.1"]
[White "Istratescu, Andrei"]
[Black "Serafimov, Tervel"]
[Result "1-0"]
[WhiteElo "2641"]
[BlackElo "2425"]
[PlyCount "45"]
[EventDate "2012.07.20"]
[SourceDate "2012.07.12"]
[WhiteTeamCountry "IND"]
[BlackTeamCountry "URS"]

1. e4 c6 2. d4 g6 3. c4 d5 4. cxd5 cxd5 5. e5 Nc6 6. Nc3 Bg7 7. Bb5 Nh6 8. h3
O-O 9. Nf3 Qb6 10. O-O Be6 11. Re1 Rfe8 12. Bf1 Qd8 13. Bf4 f6 14. Nb5 fxe5 15.
Nxe5 Nxe5 16. dxe5 a6 17. Nd4 Qd7 18. g4 Rac8 19. Bg2 Red8 20. Qb3 Rc4 21. Rad1
Rxd4 22. Rxd4 Nf7 23. Red1 1-0